Public 4-Year Colleges: Maryland - Statistics

General Stats
  • This quiz has been taken 36 times
  • The average score is 8 of 13
Answer Stats
Enrollment Answer % Correct
41,272 University of Maryland College Park
100%
55,323 University of Maryland University College
100%
20,856 Towson University
84%
13,638 University of Maryland Baltimore County
81%
2,384 University of Maryland Eastern Shore
66%
3,710 University of Baltimore
56%
4,452 Frostburg State University
50%
4,528 United States Naval Acadamy
47%
2,101 Coppin State University
44%
8,469 Morgan State University
44%
7,570 Salisbury University
44%
1,544 St Mary’s College of Maryland
34%
6,308 Bowie State University
28%
No matching quizzes found
Score Distribution
Percent of People with Each Score
Percentile by Number Answered
Your Score History
You have not taken this quiz